Music Quiz

Random Music Quiz
Score 0/218 Timer 06:00
0 Plays Today
% Correct
the
98.1%
a
98.1%
A
98.1%
The
98.1%
the
98.1%
A
98.1%
a
98.1%
The
98.1%
a
98.1%
the
98.1%
the
98.1%
the
98.1%
the
98.1%
a
98.1%
A
98.1%
The
98.1%
Killer
97.2%
I
97.2%
I
97.2%
I
97.2%
I
97.2%
I
97.2%
Killer
97.2%
You
96.3%
you,
96.3%
you
96.3%
you
96.3%
you
96.3%
You
96.3%
you,
96.3%
you
96.3%
you
96.3%
you
96.3%
be
94.4%
in
93.5%
he
93.5%
He
93.5%
in
93.5%
in
93.5%
in
93.5%
in
93.5%
he
93.5%
He
93.5%
subway,
91.7%
your
91.7%
behind
91.7%
behind
91.7%
to
91.7%
me
91.7%
to
91.7%
me
91.7%
to
91.7%
to
91.7%
to
91.7%
to
91.7%
to
91.7%
me
91.7%
me
91.7%
subway,
91.7%
your
91.7%
behind
91.7%
behind
91.7%
walk
90.7%
walk
90.7%
walk
90.7%
eyes
89.8%
for
89.8%
for
89.8%
eyes
89.8%
for
89.8%
for
89.8%
for
89.8%
hole
88.9%
% Correct
back
88.9%
hole
88.9%
back
88.9%
attack
88%
attack
88%
through
87%
his
87%
His
87%
his
87%
through
87%
no
86.1%
no
86.1%
burn
84.3%
and
84.3%
and
84.3%
And
84.3%
burn
84.3%
what
83.3%
what
83.3%
have
82.4%
have
82.4%
have
82.4%
My
78.7%
My
78.7%
my
78.7%
my
78.7%
My
78.7%
my
78.7%
it
77.8%
mercy
76.9%
is
76.9%
is
76.9%
is
76.9%
done?
76.9%
done
76.9%
mercy
76.9%
prepared
75.9%
prepared
75.9%
Ooh
75.9%
footstep
75%
Oh
75%
Oh
75%
footstep
75%
Scream
74.1%
as
74.1%
blood
74.1%
scream
74.1%
now
74.1%
Scream
74.1%
as
74.1%
blood
74.1%
he's
73.1%
night
73.1%
night
73.1%
there
73.1%
he's
73.1%
bleed
72.2%
God
72.2%
help
72.2%
bleed
72.2%
all
71.3%
all
71.3%
all
71.3%
of
69.4%
of
69.4%
of
69.4%
run
69.4%
I'm
67.6%
place
67.6%
I'm
67.6%
watching
66.7%
lust
66.7%
one,
66.7%
% Correct
light
66.7%
watching
66.7%
lust
66.7%
found
65.7%
yeah,
65.7%
lunges
63.9%
laughs
63.9%
are
63.9%
lunges
63.9%
laughs
63.9%
coming
63.9%
with
63%
can
63%
needs
62%
see
62%
see,
62%
see!
62%
I've
62%
AGAIN!
62%
needs
62%
innocent
61.1%
victims
61.1%
know
59.3%
that
57.4%
remember
57.4%
defies
55.6%
tomorrow,
55.6%
defies
55.6%
slaughtered
53.7%
satisfy
53.7%
You'll
53.7%
never
53.7%
How
53.7%
look
53.7%
this
51.9%
inside
51.9%
Another
51.9%
out
50.9%
Excitement
50%
shakes
50%
wrath
49.1%
hatred
49.1%
greed
49.1%
death
48.1%
despise
47.2%
religion
47.2%
burns
47.2%
destroy
46.3%
voice
45.4%
mocking
43.5%
compelling
43.5%
came
43.5%
strike
43.5%
ready
42.6%
meant
41.7%
moment
41.7%
glimmer
40.7%
than
39.8%
metal,
39.8%
Hahahahahahahahaha!
39.8%
bound
38.9%
life's
38%
still
38%
foresee,
37%
call
37%
breaks
37%
faith
34.3%
believing
34.3%
stronger
34.3%
ties
34.3%
lifelines
33.3%
arises,
32.4%
Remove Ads.
Support Sporcle.
Get the best of Sporcle when you Go Orange. This ad-free experience offers more features, more stats, and more fun while also helping to support Sporcle. Thank you for becoming a member.

You're not logged in!

Compare scores with friends on all Sporcle quizzes.
OR
Log In

Sporcle TV

Today on Sporcle TV


Watch our educational content, quiz creation guides, and fun videos on Sporcle TV.

Show Comments

Extras

Created Sep 28, 2017ReportNominate
Tags:iron, Iron Maiden, Killer

Top Quizzes Today


Score Distribution

Paid Content

Your Account Isn't Verified!

In order to create a playlist on Sporcle, you need to verify the email address you used during registration. Go to your Sporcle Settings to finish the process.

Report this User

Report this user for behavior that violates our Community Guidelines.

Details: